000 00666nam a22001817a 4500
005 20251108171906.0
008 250721s2003 xx 000 0 ara d
082 1 4 _a330.1/حمش
100 1 _aالحمش، منير
245 1 0 _aالإصلاح الإقتصادي بين أوهام الليبرالية الإقتصادية الجديدة و حق الشعوب في الحياة /
264 1 _aدمشق :
_bدار الرضا للنشر،
_c2003.
300 _a282ص
490 0 _aسلسلة الرضا للمعلومات
650 1 7 _aالأنظمة الإقتصادية
650 1 7 _aالظروف الإقتصادية
942 _2ddc
_cBK
999 _c65301
_d65301